Vista normal Vista MARC

Entrada Nombre personal

Número de registros utilizados en: 1

001 - NÚMERO DE CONTROL

  • Campo de control: 47478

003 - IDENTIFICADOR DE NÚMERO DE CONTROL

  • Campo de control: OSt

005 - FECHA Y HORA DE LA ULTIMA MODIFICACION

  • Campo de control: 20230622210352.0

008 - ELEMENTOS DE DATOS DE LONGITUD FIJA

  • Campo de longitud fija: 230622|| aca||aabn | a|a d

040 ## - FUENTE DE LA CATALOGACIÓN

  • Agencia original de catalogación: OSt

100 1# - ENCABEZAMIENTO--NOMBRE DE PERSONA

  • Nombre personal: Flores de Hernández, Cecilia Patricia

670 ## - FUENTE DE DATOS ENCONTRADOS

  • Fuente de citación: Pasantía, Colegio Centro Cristiano de las Asambleas de Dios, Santa Ana.

670 ## - FUENTE DE DATOS ENCONTRADOS

  • Fuente de citación: BMC.- 22-06-2023